| 000 | 01440cam a22002531 4500 | ||
|---|---|---|---|
| 001 | e 57000022 | ||
| 003 | DLC | ||
| 005 | 20260227111236.0 | ||
| 008 | 830608s1957 dcua 000 0 eng | ||
| 010 | _ae 57000022 | ||
| 035 | _a(OCoLC)16764462 | ||
| 040 |
_aDLC _cOrPS _dOCoLC _dDLC |
||
| 050 | 0 | 0 |
_aL111 _b.A6 1957, no. 3 |
| 051 |
_aLC4631 _b.M3 |
||
| 100 | 1 |
_aMackie, Romaine Prior, _d1898- |
|
| 245 | 1 | 0 |
_aTeachers of children who are mentally retarded, _cprepared by Romaine P. Mackie, Harold M. Williams, and Lloyd M. Dunn, in collaboration with Anna M. Engel [and others] A report based on findings from the study "Qualification and preparation of teachers of exceptional children" [conducted by the Office of Education with the special help of the Association for the Aid of Crippled Children, New York City] |
| 260 |
_aWashington, _bU.S. Dept. of Health, Education and Welfare, Office of Education, _c1957. |
||
| 300 |
_axi, 97 p. _billus. _c24 cm. |
||
| 501 |
_aCopies 1 and 2 of L111.A6 with: Austrian teachers and their education since 1945 / Helen C. Lahey. Washington : Govt. Print. Off., 1957. Bound together subsequent to publication. _5DLC |
||
| 650 | 0 |
_aChildren with mental disabilities _xEducation. |
|
| 710 | 2 | _aAssociation for the Aid of Crippled Children. | |
| 740 | 0 | _aQualification and preparation of teachers of exceptional children. | |
| 830 | 0 |
_aBulletin (United States. Office of Education) ; _v1957, no. 3. |
|
| 999 |
_c22271 _d22271 |
||